00737nam a2200193Ia 4500001001000000003000500010008004100015010001100056040000900067082001800076100003100094245011000125260006700235300001100302440005200313650010200365700003100467710004500498Para_2986CHAP220125s1986 xx 000 0 und d a201354 cCHAP aPA 633.577 M3 aMacossay Vallado, Mauricio aTelchac pueblo :b una comunidad henequenera /c por Mauricio Macossay Vallado y Ma. Eugenia Castillo B. aChapingo, Méx. :b UACh. Dirección de Difusión Cultural a178 p. aCuadernos universitarios. Serie agronomía; 14 aHenequén x Yucatán Yucatán x Condiciones sociales Yucatán x Condiciones económicas aCastillo B., Maria Eugenia aUACh. Dirección de Difusión Cultural